<?xml version="1.0" encoding="UTF-8"?>
<marc:record xmlns:marc="http://www.loc.gov/MARC21/slim">
   <marc:leader>00000nam a2200000 a 4500</marc:leader>
   <marc:datafield ind1="1" ind2=" " tag="100">
      <marc:subfield code="a">Hofmann, Corinne</marc:subfield>
      <marc:subfield code="4">ctb</marc:subfield>
      <marc:subfield code="e">Mitwirkende/-r</marc:subfield>
   </marc:datafield>
   <marc:datafield ind1=" " ind2=" " tag="653">
      <marc:subfield code="a">Binationale Ehe</marc:subfield>
   </marc:datafield>
   <marc:datafield ind1=" " ind2=" " tag="653">
      <marc:subfield code="a">Schweizerin</marc:subfield>
   </marc:datafield>
   <marc:datafield ind1=" " ind2=" " tag="653">
      <marc:subfield code="a">Rückkehr</marc:subfield>
   </marc:datafield>
   <marc:datafield ind1=" " ind2=" " tag="653">
      <marc:subfield code="a">Massai</marc:subfield>
   </marc:datafield>
   <marc:datafield ind1=" " ind2=" " tag="653">
      <marc:subfield code="a">DVD-Video</marc:subfield>
   </marc:datafield>
   <marc:datafield ind1=" " ind2=" " tag="653">
      <marc:subfield code="a">Tagebücher</marc:subfield>
   </marc:datafield>
   <marc:datafield ind1=" " ind2=" " tag="653">
      <marc:subfield code="a">Biografien</marc:subfield>
   </marc:datafield>
   <marc:datafield ind1=" " ind2=" " tag="653">
      <marc:subfield code="a">Erlebnisbericht</marc:subfield>
   </marc:datafield>
   <marc:datafield ind1="0" ind2="0" tag="245">
      <marc:subfield code="a">Die weiße Massai - Wiedersehen in Barsaloi</marc:subfield>
   </marc:datafield>
   <marc:datafield ind1="0" ind2="0" tag="245">
      <marc:subfield code="c">Corinne Hofmann</marc:subfield>
   </marc:datafield>
   <marc:datafield ind1=" " ind2="1" tag="264">
      <marc:subfield code="a">Grünwald</marc:subfield>
      <marc:subfield code="b">Komplett-Media [u.a.</marc:subfield>
      <marc:subfield code="c">2005</marc:subfield>
   </marc:datafield>
   <marc:datafield ind1="1" ind2=" " tag="520">
      <marc:subfield code="a">Angaben aus der Verlagsmeldung

Die weisse Massai : Wiedersehen in Barsaloi / von Corinne Hofmann

14 Jahre nach ihrer abenteuerlichen Flucht aus Kenia besucht Corinne Hofmann erstmals wieder ihre frühere Heimat: Sie bricht auf nach Afrika zu einem neuen Abenteuer – zu einem Wiedersehen in Barsaloi.
Dieser Film dokumentiert die dreiwöchige Reise zu den eindrucksvollen Orten des damaligen Lebens. Er zeigt die bewegenden Bilder vom Wiedersehen mit Lketinga, mit der von ihr so sehr verehrten „Mama“, mit Lketingas Bruder und der damals kleinen Saguna sowie Begegnungen mit Orten und Menschen aus ihrer Zeit im Norden Kenias.
Die Reise führt aber auch zu den Dreharbeiten der Constantin Film und nicht zuletzt berichtet diese Dokumentation über den mutigen Pater Giuliani und seine kleine Mission hoch in den Ndoto-Bergen – quasi am Ende der Welt.
Mit Bilder von der Küste Mombasas und der Likoni-Fähre, auf der das Abenteuer der „weißen Massai“ vor 18 Jahren begann und an dem inzwischen Millionen Anteil nahmen und nehmen, schließt sich der Kreis.

Special: Die Hochzeit der weißen Massai
(Originalaufnahmen von 1988)
</marc:subfield>
   </marc:datafield>
   <marc:datafield ind1=" " ind2=" " tag="020">
      <marc:subfield code="a">9783831218769</marc:subfield>
      <marc:subfield code="9">9783831218769</marc:subfield>
   </marc:datafield>
   <marc:datafield ind1=" " ind2=" " tag="020">
      <marc:subfield code="a">3831218765</marc:subfield>
      <marc:subfield code="9">3831218765</marc:subfield>
   </marc:datafield>
   <marc:datafield ind1=" " ind2=" " tag="041">
      <marc:subfield code="a">ger</marc:subfield>
   </marc:datafield>
   <marc:datafield ind1=" " ind2=" " tag="300">
      <marc:subfield code="a">1 DVD-Video</marc:subfield>
   </marc:datafield>
</marc:record>
